00281 a2200133 4500001000700000020001800007040001100025100001900036240003400055245002900089300000700118362000900125440001300134184056 a85-262-4860-X cMagnum aTucci, Willian10aA rebelião dos acentoslpor10aA rebelião dos acentos a390 a2003 1aScipione